000 00205 a2200109 4500
020 _a9780026871464
041 _aspa
100 _aMoreno, Jose
245 _aLas Tres Cerditas
942 _cBK
952 _74
999 _c20705
_d20705